The spread of English. (Record no. 8406)
[ view plain ]
| 000 -LEADER | |
|---|---|
| fixed length control field | 00588cam2a220019300 4500 |
| 001 - CONTROL NUMBER | |
| control field | zam00002825 |
| 003 - CONTROL NUMBER IDENTIFIER | |
| control field | OSt |
| 005 - DATE AND TIME OF LATEST TRANSACTION | |
| control field | 20211115093759.0 |
| 008 - FIXED-LENGTH DATA ELEMENTS--GENERAL INFORMATION | |
| fixed length control field | 951128s1977 xx eng u |
| 035 ## - SYSTEM CONTROL NUMBER | |
| System control number | (Sirsi) r20164 |
| 035 ## - SYSTEM CONTROL NUMBER | |
| System control number | (MACHINE)SLC. |
| 040 ## - CATALOGING SOURCE | |
| Transcribing agency | CIP |
| 100 ## - MAIN ENTRY--PERSONAL NAME | |
| Personal name | Fishman, J. A. et al. |
| Linkage | A81407.1 |
| 245 14 - TITLE STATEMENT | |
| Title | The spread of English. |
| 260 ## - PUBLICATION, DISTRIBUTION, ETC. | |
| Date of publication, distribution, etc. | 1977. |
| 856 ## - ELECTRONIC LOCATION AND ACCESS | |
| Uniform Resource Identifier | <a href="https://www.pdfdrive.com/the-spread-of-english-spichtinger-e17909130.html">https://www.pdfdrive.com/the-spread-of-english-spichtinger-e17909130.html</a> |
| Link text | Related Article |
| Public note | Download PDF |
| 942 ## - ADDED ENTRY ELEMENTS (KOHA) | |
| Source of classification or shelving scheme | Library of Congress Classification |
| Koha item type | Electronic Resource |
| 949 ## - LOCAL PROCESSING INFORMATION (OCLC) | |
| a | PE1128.A2 FISH |
| w | lcc |
| m | MAIN |
| p | 2500 |
| t | SHORTLOAN |
| l | SHORTLOAN |
| Withdrawn status | Lost status | Source of classification or shelving scheme | Damaged status | Not for loan | Home library | Current library | Shelving location | Total Checkouts | Full call number | Barcode | Date last seen | Copy number | Price effective from | Koha item type |
|---|---|---|---|---|---|---|---|---|---|---|---|---|---|---|
| Library of Congress Classification | Main Library | Main Library | Academic reserves/Short loan | PE1128.A2 FISH | 65134-1001 | 08/12/2019 | 1 | 08/12/2019 | Short Loan material |